Entry Personal Name
Number of records used in: 2
001 - CONTROL NUMBER
003 - CONTROL NUMBER IDENTIFIER
005 - DATE AND TIME OF LATEST TRANSACTION
- control field:
20210702114248.0
008 - FIXED-LENGTH DATA ELEMENTS
- fixed length control field:
771104n| acannaab |n aaa
010 ## - LIBRARY OF CONGRESS CONTROL NUMBER
- LC control number:
n 77012755
040 ## - CATALOGING SOURCE
- Original cataloging agency:
DLC
- Transcribing agency:
DLC
- Modifying agency:
DLC
100 1# - HEADING--PERSONAL NAME
- Personal name:
Burden, Richard L.
670 ## - SOURCE DATA FOUND
- Source citation:
His Numerical analysis, 1978:
- Information found:
t.p. (Richard L. Burden, Youngstown St. U.)
670 ## - SOURCE DATA FOUND
- Source citation:
Numerical analysis, c1997:
- Information found:
CIP t.p. (Richard Burden; Youngstown St. Univ.) data sht. (b. Apr. 8, 1944)